| 000 | 01737cam a22002535a 4500 | ||
|---|---|---|---|
| 001 | L139690 | ||
| 008 | 070803s2007 xxk f g 000 0 eng d | ||
| 020 | _a9780110777528 | ||
| 035 | _a(Sirsi) u139690 | ||
| 041 | 0 | _aeng | |
| 050 | 0 | 4 | _a306.026 $2 18 |
| 110 | 1 |
_aUnited Kingdom _kLaws, etc _95044 |
|
| 245 | 0 | 4 |
_aThe Houses in Multiple Occupation (Certain Converted Blocks of Flats) (Modifications to the Housing Act 2004 and Transitional Provisions for section 257 HMOs) (England) Regulations 2007 _h[electronic resource] |
| 490 | 0 |
_aStatutory Instrument _v2007: 1904 |
|
| 520 | _aComes into force 1 October 2007. Alters definitions applying to Houses in Multiple Occupation (HMOs) within the Housing Act 2004 parts 2 and 4, and section 263. The definitions are a person having control; matters a local housing authority considers when granting a licence; licence conditions; the person in respect of whom a rent repayment order can be made; and the circumstances when notices are served. Regulations in respect of overcrowding in section 257 of the Act are also altered. Also makes transitional provisions in respect of section 257 HMOs registered in the repealed Housing Act 1985 Part 11 scheme. | ||
| 590 | _aKA | ||
| 650 | 2 | 4 | _aHOUSING ACT 2004 PART II |
| 650 | 2 | 4 | _aHOUSES IN MULTIPLE OCCUPATION (CERTAIN CONVERTED BLOCKS OF FLATS) (MODIFICATIONS TO THE HOUSING ACT 2004 AND TRANSITIONAL PROVISIONS FOR SECTION 257 HMOS) (ENGLAND) REGULATIONS 2007 |
| 650 | 2 | 4 | _aHOUSING ACT 2004 S257 |
| 651 | 4 |
_aEngland _y886- |
|
| 690 | _aPROPERTY-RESIDENTIAL PROPERTY-RESIDENTIAL PROPERTY MANAGEMENT | ||
| 856 | 4 | 0 |
_uhttps://www.opsi.gov.uk/si/si2007/20071904.htm _zView the article free of charge at www.opsi.gov.uk... |
| 942 | _n0 | ||
| 999 |
_c107327 _d107327 |
||